000 00700 a2200229 4500
005 20260312113934.0
008 260309b |||||||| |||| 00| 0 eng d
020 _a9781041035466
_cRs. 1295.00
040 _aMAIN
082 _a327.54
_bS14I
100 _aShailza Singh, ed.
245 _aIndia and Southeast Asia in a changing world: Exploring relations prospects for a sustainable future
260 _bRoutledge
_c2025
_aNew York
300 _axxvii, 216
650 _aDefence Studies
650 _aInternational Relations
650 _aSoutheast Asia- India
700 _aVarghese, Philip, ed.
700 _aBalaiah, Shalini, ed.
700 _aSebastian, Sarish, ed.
942 _cBK
999 _c395595
_d395595